Vývoj ekonomiky SR a podnikateľské prostredie
Neúnosné daňové zaťaženie. Nenaplnené rozpočtové ciele. Pokles dopytu. Dvojsektorová ekonomika. Podnikateľské prostredie. Úverová politika. Nedostatok rozvojových impulzov.
Enregistré dans:
| Auteur principal: | |
|---|---|
| Format: | Chapitre de livre |
| Langue: | slovaque |
| Sujets: | |
| Tags: |
Pas de tags, Soyez le premier à ajouter un tag!
|
MARC
| LEADER | 00000naa a2200000 4500 | ||
|---|---|---|---|
| 001 | r041321 | ||
| 005 | 20230801100115.3 | ||
| 041 | 0 | |a slo | |
| 044 | |a SK | ||
| 245 | 1 | 0 | |a Vývoj ekonomiky SR a podnikateľské prostredie |c Anton Bonko |
| 520 | |a Neúnosné daňové zaťaženie. Nenaplnené rozpočtové ciele. Pokles dopytu. Dvojsektorová ekonomika. Podnikateľské prostredie. Úverová politika. Nedostatok rozvojových impulzov. | ||
| 610 | 2 | 0 | |a vývoj hospodársky |
| 610 | 2 | 0 | |a podnikanie |
| 610 | 2 | 0 | |a prostredie podnikateľské |
| 610 | 2 | 0 | |a politika úverová |
| 610 | 2 | 0 | |a politika rozpočtová |
| 610 | 2 | 0 | |a prostredie podnikové |
| 610 | 2 | 0 | |a zaťaženie daňové |
| 100 | 1 | |a Bonko, Anton | |